Actuarial statistics / (Record no. 35499)
[ view plain ]
| 000 -LEADER | |
|---|---|
| fixed length control field | 01193nam a22003251 4500 |
| 001 - CONTROL NUMBER | |
| control field | 35499 |
| 003 - CONTROL NUMBER IDENTIFIER | |
| rucl marc code | BD-RjUL |
| 005 - DATE AND TIME OF LATEST TRANSACTION | |
| control field | 20211209052331.0 |
| 008 - FIXED-LENGTH DATA ELEMENTS--GENERAL INFORMATION | |
| fixed length control field | 770223s1946 -us 001 0 eng |
| 035 ## - SYSTEM CONTROL NUMBER | |
| System control number | (BD-RjUL)35593 |
| System control number | (OCoLC)2757604 |
| 040 ## - CATALOGING SOURCE | |
| Original cataloging agency | DLC |
| Transcribing agency | MdBJ-W |
| Modifying agency | DLC |
| -- | BD-RjUL |
| Language of cataloging | eng |
| 041 ## - LANGUAGE CODE | |
| Language code of text/sound track or separate title | eng |
| 082 ## - DEWEY DECIMAL CLASSIFICATION NUMBER | |
| Classification number | 519 |
| Author mark and year | TEA V-1 1964 |
| 100 1# - MAIN ENTRY--PERSONAL NAME | |
| Personal name | Tetley, Herbert. |
| 9 (RLIN) | 107616 |
| 245 10 - TITLE STATEMENT | |
| Title | Actuarial statistics / |
| Statement of responsibility, etc. | Coordinating editor: Harry Freeman. |
| 250 ## - EDITION STATEMENT | |
| Edition statement | 2n ed. |
| 260 ## - PUBLICATION, DISTRIBUTION, ETC. (IMPRINT) | |
| Place of publication, distribution, etc. | Cambridge : |
| Name of publisher, distributor, etc. | Published for the Institute of Actuaries and the Faculty of Actuaries, at the University Press, |
| Date of publication, distribution, etc. | 1950[reprinted 1964] |
| 300 ## - PHYSICAL DESCRIPTION | |
| Pagination | v : |
| Illustrations | ill. ; |
| Size | 22 cm. |
| 500 ## - GENERAL NOTE | |
| General note | Corrigenda leaf inserted in v. 1. |
| 504 ## - BIBLIOGRAPHY, ETC. NOTE | |
| Bibliography, etc | Includes bibliography and index. |
| 505 0# - FORMATTED CONTENTS NOTE | |
| Formatted contents note | v. 1. Statistics & graduation, by H. Tetley.--v. 2. Construction of mortality & other tables, by J. L. Anderson and J. B. Dow. |
| 650 #0 - SUBJECT ADDED ENTRY--TOPICAL TERM | |
| Topical term or geographic name as entry element | Statistics. |
| 9 (RLIN) | 108079 |
| Topical term or geographic name as entry element | Insurance |
| Form subdivision | Statistics. |
| 9 (RLIN) | 108080 |
| Topical term or geographic name as entry element | Life insurance |
| Form subdivision | Statistics. |
| 9 (RLIN) | 108081 |
| 700 1# - ADDED ENTRY--PERSONAL NAME | |
| Personal name | Anderson, John Leslie. |
| Personal name | Freeman, Harry, |
| Dates associated with a name | 1888- , |
| Relator term | ed. |
| 942 ## - ADDED ENTRY ELEMENTS (KOHA) | |
| Source of classification or shelving scheme | Dewey Decimal Classification |
| Koha item type | Books |
| Lost status | Source of classification or shelving scheme | Damaged status | Not for loan | Collection code | Permanent Location | Current Location | Shelving location | Date acquired | Source of acquisition | Cost, normal purchase price | Total Checkouts | Full call number | Date last seen | Copy number | Koha item type |
|---|---|---|---|---|---|---|---|---|---|---|---|---|---|---|---|
| Dewey Decimal Classification | Non-fiction | Central Library, University of Rajshahi | Central Library, University of Rajshahi | 22/11/1965 | Zeit | 25.00 | 519 TEA V-1 1964 | 26/05/2014 | C-3 | Books | |||||
| Dewey Decimal Classification | Non-fiction | Central Library, University of Rajshahi | Central Library, University of Rajshahi | 22/11/1965 | Zeit | 25.00 | 519 TEA V-1 1964 | 26/05/2014 | C-2 | Books | |||||
| Dewey Decimal Classification | Non-fiction | Central Library, University of Rajshahi | Central Library, University of Rajshahi | 25/01/1956 | Simphin Morshall | 1.00 | 519 TEA V-1 1953 | 26/05/2014 | C-4 | Books | |||||
| Dewey Decimal Classification | Non-fiction | Central Library, University of Rajshahi | Central Library, University of Rajshahi | 22/11/1965 | Zeit | 25.00 | 519 TEA V-1 1964 | 26/05/2014 | C-5 | Books | |||||
| Dewey Decimal Classification | Non-fiction | Central Library, University of Rajshahi | Central Library, University of Rajshahi | 14/11/1968 | Zeitlinger | 25.00 | 519 TEA V-1 1964 | 14/08/2016 | C-6 | Books | |||||
| Dewey Decimal Classification | Non-fiction | Central Library, University of Rajshahi | Central Library, University of Rajshahi | 14/11/1968 | Zeithinger | 25.00 | 519 TEA V-1 1964 | 27/08/2016 | C-7 | Books | |||||
| Dewey Decimal Classification | Non-fiction | Central Library, University of Rajshahi | Central Library, University of Rajshahi | 14/11/1968 | Zeithinger | 25.00 | 519 TEA V-1 1964 | 27/08/2016 | C-8 | Books | |||||
| Dewey Decimal Classification | Non-fiction | Central Library, University of Rajshahi | Central Library, University of Rajshahi | 04/12/1965 | National Book Agency | 18.75 | 519 TEA V-1 1964 | 28/08/2016 | C-9 | Books |